000 00612nam a2200205Ia 4500
005 20250508165429.0
008 008 250505s9999 xx 000 0 eng d
020 _a978-93-81991-49-7
037 _aTextBook
040 _aFEDL
_beng
_cFEDL
041 _aeng
_2eng
084 _a305.4, PER/R
_qFEDL
100 _aPereira Charmaine Ed.
_939925
245 0 _aChanging narratives of sexuality: Contestations, compliance and women's empowerment
260 _aLondon, UK
_bZed Books
_c2014
300 _ax, 260p.
365 _aGBP
_b21.99
942 _cTB
_h305.4, PER/R
999 _c1395063
_d1395063